ArtNexus/ (Record no. 3295)

MARC details
000 -LEADER
campo de control de longitud fija 01877nam a22005057a 4500
003 - IDENTIFICADOR DE NÚMERO DE CONTROL
campo de control OSt
005 - FECHA Y HORA DE LA ÚLTIMA TRANSACCIÓN
campo de control 20230327093759.0
008 - DATOS DE LONGITUD FIJA--INFORMACIÓN GENERAL
campo de control de longitud fija 221006b |||||||| |||| 00| 0 eng d
040 ## - FUENTE DE CATALOGACIÓN
Centro/agencia transcriptor Biblioteca Lado V
082 ## - NÚMERO DE LA CLASIFICACIÓN DECIMAL DEWEY
Número de clasificación 701.1
Número de ítem S744a
100 ## - ENTRADA PRINCIPAL--NOMBRE DE PERSONA
9 (RLIN) 795
Nombre de persona Srendni de Birbragher, Celia
Término indicativo de función/relación editora
-- directora
245 ## - MENCIÓN DEL TÍTULO
Título ArtNexus/
Resto del título El nexo entre America Latina y el resto del mundo/
260 ## - PUBLICACIÓN, DISTRIBUCIÓN, ETC.
Nombre del editor, distribuidor, etc. Asociación de Revistas Culturales
Fecha de publicación, distribución, etc. 2009
Lugar de publicación, distribución, etc. U.S.A.
-- Colombia
300 ## - DESCRIPCIÓN FÍSICA
Dimensiones 21x28cm
Extensión 164p.
366 ## - INFORMACIÓN SOBRE DISPONIBILIDAD COMERCIAL
Nota spa
490 ## - MENCIÓN DE SERIE
Mención de serie 72
Designación de volumen o secuencia 8
Número Internacional Normalizado para Publicaciones Seriadas 0120 713 X
505 ## - NOTA DE CONTENIDO CON FORMATO
Título Rosangela Rennó
505 ## - NOTA DE CONTENIDO CON FORMATO
Título Fundacion Proa
505 ## - NOTA DE CONTENIDO CON FORMATO
Título Alexandre Arrechea
Nota de contenido con formato El dialogo emergente de la identidad social
505 ## - NOTA DE CONTENIDO CON FORMATO
Título Bienales asiaticas
Nota de contenido con formato Entrevista a Hans-Michael Herzog
505 ## - NOTA DE CONTENIDO CON FORMATO
Título Matilde Marin
Nota de contenido con formato La belleza posible
505 ## - NOTA DE CONTENIDO CON FORMATO
Título Painted
505 ## - NOTA DE CONTENIDO CON FORMATO
Título Beatriz Daza
505 ## - NOTA DE CONTENIDO CON FORMATO
Título Salón Nacional de Artistas Colombia
505 ## - NOTA DE CONTENIDO CON FORMATO
Título Toulouse Lautrec
505 ## - NOTA DE CONTENIDO CON FORMATO
Título Sotheby's Christie's
505 ## - NOTA DE CONTENIDO CON FORMATO
Título Damian Ortega
Nota de contenido con formato Campo Visual
505 ## - NOTA DE CONTENIDO CON FORMATO
Título Cronicas
505 ## - NOTA DE CONTENIDO CON FORMATO
Título Exposiciones colectivas
505 ## - NOTA DE CONTENIDO CON FORMATO
Título Reseñas de Libros
505 ## - NOTA DE CONTENIDO CON FORMATO
Título Guía de galerías y museos
505 ## - NOTA DE CONTENIDO CON FORMATO
Título Libros y Catalogos
505 ## - NOTA DE CONTENIDO CON FORMATO
Título Libros para la venta
650 ## - PUNTO DE ACCESO ADICIONAL DE MATERIA--TÉRMINO DE MATERIA
Fuente del encabezamiento o término Tesauro de Arte & Arquitectura
Término de materia o nombre geográfico como elemento de entrada ARTE
9 (RLIN) 703
650 ## - PUNTO DE ACCESO ADICIONAL DE MATERIA--TÉRMINO DE MATERIA
Fuente del encabezamiento o término Tesauro de Arte & Arquitectura
Término de materia o nombre geográfico como elemento de entrada EXPOSICIONES
650 ## - PUNTO DE ACCESO ADICIONAL DE MATERIA--TÉRMINO DE MATERIA
Fuente del encabezamiento o término Tesauro de Arte & Arquitectura
Término de materia o nombre geográfico como elemento de entrada ESCULTURA
650 ## - PUNTO DE ACCESO ADICIONAL DE MATERIA--TÉRMINO DE MATERIA
Fuente del encabezamiento o término Tesauro de Arte & Arquitectura
Término de materia o nombre geográfico como elemento de entrada BIENAL
650 ## - PUNTO DE ACCESO ADICIONAL DE MATERIA--TÉRMINO DE MATERIA
Fuente del encabezamiento o término Tesauro de Arte & Arquitectura
Término de materia o nombre geográfico como elemento de entrada APRECIACION
650 ## - PUNTO DE ACCESO ADICIONAL DE MATERIA--TÉRMINO DE MATERIA
Fuente del encabezamiento o término Tesauro de Arte & Arquitectura
Término de materia o nombre geográfico como elemento de entrada TEORIA
650 ## - PUNTO DE ACCESO ADICIONAL DE MATERIA--TÉRMINO DE MATERIA
Fuente del encabezamiento o término Tesauro de Arte & Arquitectura
Término de materia o nombre geográfico como elemento de entrada CRITICA
650 ## - PUNTO DE ACCESO ADICIONAL DE MATERIA--TÉRMINO DE MATERIA
Fuente del encabezamiento o término Tesauro de Arte & Arquitectura
Término de materia o nombre geográfico como elemento de entrada FOTOGRAFIA
9 (RLIN) 702
650 ## - PUNTO DE ACCESO ADICIONAL DE MATERIA--TÉRMINO DE MATERIA
Fuente del encabezamiento o término Tesauro de Arte & Arquitectura
Término de materia o nombre geográfico como elemento de entrada LITERATURA
651 ## - PUNTO DE ACCESO ADICIONAL DE MATERIA--NOMBRE GEOGRÁFICO
Fuente del encabezamiento o término Tesauro de Arte & Arquitectura
Nombre geográfico COLOMBIA
942 ## - ELEMENTOS DE ENTRADA SECUNDARIOS (KOHA)
Fuente del sistema de clasificación o colocación Clasificación Decimal Dewey
Tipo de ítem Koha Libros
Parte de la signatura que corresponde a la clasificación (Parte de la clasificación) 701.1
Parte de la signatura que identifica el ejemplar (Parte del ítem) S744a
Suprimir en OPAC No

No items available.